| 000 | 00349cam a2200145ua 4500 | ||
|---|---|---|---|
| 041 |
_aeng _h |
||
| 082 |
_a823.308 _bFAI/SH |
||
| 100 | _aFair, A.A . | ||
| 245 |
_aShills can`t cash chips / _cA.A.Fair. _hTextual Documents |
||
| 260 |
_aNewyork : _bPocket books,INC , _c1963. |
||
| 300 | _a185 ; . | ||
| 504 | _a | ||
| 942 | _cBK | ||
| 999 |
_c853 _d853 |
||